Score 0/32 Timer 05:00
5 Plays Today
% Correct
Australia
95.6%
Switzerland
95.5%
Switzerland
95.5%
Switzerland
95.5%
Germany
95.3%
Germany
95.3%
France
91.8%
Italy
90.9%
Luxembourg
83.8%
Luxembourg
83.8%
Liechtenstein
83.2%
Liechtenstein
83.2%
Liechtenstein
83%
Belgium
81.8%
Czechia
78.8%
Hungary
77.4%
% Correct
United States
76.9%
Slovakia
76.6%
Slovenia
74.7%
Monaco
60.3%
Palau
54.9%
Vatican City
54.1%
Lithuania
52.5%
Nauru
49.7%
Malta
43.1%
Mauritania
42.6%
Mauritius
40.4%
Laos
36%
Guinea-Bissau
34.9%
Saudi Arabia
31.4%
Seychelles
16.3%
Kenya
11.5%

You're not logged in!

Compare scores with friends on all Sporcle quizzes.
OR
Log In

Sporcle TV

Today on Sporcle TV


Watch our educational content, quiz creation guides, and fun videos on Sporcle TV.

Show Comments

Extras

Top Quizzes Today


Score Distribution

Paid Content

Your Account Isn't Verified!

In order to create a playlist on Sporcle, you need to verify the email address you used during registration. Go to your Sporcle Settings to finish the process.

Report this User

Report this user for behavior that violates our Community Guidelines.

Details: